00743cam a2200217 a 450000100100000000500170001000800410002703500190006804000250008708200200011210000500013224500900018226000580027230000210033049000140035150400340036560000410039965000430044070000280048383000140051100001053820200929162239.0831121s1980 cu b 001 e spa  a(DLC) 83114071 aDO-SdBNPcDLCdBNPHU aCu861.44bC431e1 aChacón y Calvo, José María,d1893-1969.10aEstudios heredianos /cJosé María Chacón y Calvo ; prólogo de Salvador Arias. aCiudad de La Habana, (Cuba) :bLetras Cubanas,c1980. a185 p. ;c19 cm.1 aCrítica aBibliografía: p. [183]-185.10aHEREDIA, JOSÉ MARÍA,d1803-1839. 4aPoetas cubanosySIGLO XIXxBiografía1 aArias, Salvador,d1935- 0aCrítica